00855pam a2200253 a 4500001000500000005001700005020001500022040002300037050002300060082001200083100002400095245005600119260004900175300004000224490002100264505000800285520015700293521002000450521002000470650002200490650002200512650002300534650004400557106320260318145648.0 a0590428837 aDLCcDLCdDLCbeng00aPZ7.D3584bSi 198500aFic2191 aDeClements, Barthe.10a6th grade can really kill you /cBarthe DeClements. aNew York, N.Y., U.S.A. :bScholastic c1985. a146 pages ;c20 cmbillustrations ; aApple paperbacks aR  aHelen fears that lack of improvement in her reading may leave her stuck in the sixth grade forever, until a good teacher recognizes her reading problem. a700 bLexile  aR bRaz-Plus  1aSchoolsxFiction. 1aReadingxFiction. 1aDyslexiaxFiction. 1aTeacher-student relationshipsxFiction.